01587nam a2200337 i 4500001001000000003000900010005001700019007000300036008004100039040003000080041000800110082002300118110007700141240001800218245010600236264005200342300002800394336002700422337003300449338002800482500038100510590002600891650003200917650004100949651004100990651004601031910000701077942001401084952013401098999001701232000016051DO-SdBNP20250616143056.0ta250616s2003 dr 001 0 spa d aDO-SdBNPbspacBNPHUerda hspa 4a347.013bR426L2221 aRepública Dominicana.bProcuraduría General de la República93224110a[Leyes, etc.]10aLey No. 821 de organización judicial y sus modificaciones del 21 de noviembre de 1927, G.O No. 3921 aSanto Domingo :bEditora no identificada,c2003 a107 páginas ;c21 cm. ardacontentbtexto2txt ardamediabsin mediación2n ardacarrierbvolumen2nc aIncluye las de la ley No. 50-00 que modifica los literales a) y b) del párrafo 1 del articulo 1 de la ley No. 248 del 1981, que modificó la ley de organización judicial No. 821 del año 1927. Ley No. 141-02 que crea la corte de apelación de Santo Domingo y varios tribunales en la provincias Santiago y Santo Domingo promulgada el 29 de septiembre del 2002 G.O. 10172 aInventariado, 2025/DG 4aLegislacion judicial930795 4aPoder judicialxLegislación930796 4aRepública DominicanaxLeyes916541 4aRepública DominicanaxLey 821-27930797 aDG 2ddccLBS1 00102ddc51708PDaBNPHUbBNPHUcCTd2025-06-16edonaciónl0oBNPHU PD 347.013 R426Lp2025-5294r2025-06-16w2025-06-16yLBS1 c59297d59297